Statistics for Naruto : All Hokages

Click here to take the quiz!

General Stats

  • This quiz has been taken 3,540 times
  • The average score is 7 of 8

Answer Stats

HintAnswer% Correct
The First HokageHashirama Senju
97%
The Second HokageTobirama Senju
95%
The Fourth HokageMinato Namikaze
95%
The Fifth HokageTsunade
95%
The Third HokageHiruzen Sarutobi
91%
The Sixth Hokage ( Real )Kakashi Hatake
90%
The Seventh HokageNaruto Uzumaki
90%
The Sixth Hokage ( Former )Danzo
82%

Score Distribution

Percentile by Number Answered

Percent of People with Each Score

Your Score History

You have not taken this quiz